Návrh na zdokonalenie podnikovej kultúry v spoločnsoti A-STUDIO s.r.o.

Salvato in:
Dettagli Bibliografici
Autore principale: Císar, Marek (Autore)
Altri autori: Čambál, Miloš (Relatore della tesi)
Natura: Manoscritto Libro
Lingua:slovacco
Pubblicazione: 2016
Soggetti:
Accesso online:http://is.stuba.sk/zp/portal_zp.pl?podrobnosti=118975
Tags: Aggiungi Tag
Nessun Tag, puoi essere il primo ad aggiungerne!!

MARC

LEADER 00000ntm a22000003a 4500
001 stuzp56354
003 SK-STU
005 20160719154956.1
007 ta
008 150427s2015----xo-----f-mn---000-0-slo-d
040 |a STU  |b slo 
041 0 |a slo 
100 1 |a Císar, Marek  |u 064000  |k Z4  |4 aut  |U MTF Materiálovotechnologická fakulta  |T MTF Ústav priemyselného inžinierstva a manažmentu  |X 45994  |U M4000  |Y 84  |7 A000045994 
242 0 1 |a Proposal on improvement of corporate culture in the company of A-STUDIO s.r.o.  |y eng 
245 1 0 |a Návrh na zdokonalenie podnikovej kultúry v spoločnsoti A-STUDIO s.r.o. 
260 |c 2016 
650 4 |a podniková kultúra  |2 slo 
650 4 |a prvky podnikovej kultúry  |2 slo 
650 4 |a motivácia  |2 slo 
650 4 |a zamestnanci  |2 slo 
650 4 |a komunikácia  |2 slo 
650 4 |a elements of corporate culture  |2 eng 
650 4 |a employees  |2 eng 
650 4 |a communication  |2 eng 
650 4 |a corporate culture  |2 eng 
650 4 |a motivation  |2 eng 
700 1 |a Čambál, Miloš  |u 064000  |k Z1  |4 ths  |U MTF Materiálovotechnologická fakulta  |T MTF Ústav priemyselného inžinierstva a manažmentu  |X 279  |U M4000  |Y 84  |7 A000000279 
856 4 |u http://is.stuba.sk/zp/portal_zp.pl?podrobnosti=118975 
996 |c M* DP-12660  |l MMKN  |s P  |a 0  |w stuzp56354_0001 
SQL |a stuzp56354  |b DDP  |c SLO  |d Návrh na zdokonalenie podnikovej kultúry v spoločnsoti A-STUDIO s.r.o.  |e 45994  |f Císar, Marek  |g 064000  |h 279  |i Čambál, Miloš  |j 20160601  |k 189  |l 06  |m http://is.stuba.sk/zp/portal_zp.pl?podrobnosti=118975  |n I-PMA  |o 5.2.52. priemyselné inžinierstvo